Southville International School and Colleges
Your cart is empty.
  • Cart
  • Lists
    Public lists Eva Luna New books Lux_list list_1
    Your lists Log in to create your own lists
  • Log in to your account
  • Your cookies
  • Search history
Southville International School and Colleges
  • Advanced search
  • Recent comments
  • Most popular
  • Libraries

Log in to your account

Log in with GOOGLE


If you do not have an external account, but do have a local account, you can still log in:

  1. Home
  2. MARC view: Young King David :
Normal view MARC view ISBD view

Young King David : (Record no. 109905)

[ view plain ]
MARC details
000 -LEADER
fixed length control field 00511nam a2200181 a 4500
001 - CONTROL NUMBER
control field 0071
005 - DATE AND TIME OF LATEST TRANSACTION
control field 20140414131845.0
008 - FIXED-LENGTH DATA ELEMENTS--GENERAL INFORMATION
fixed length control field 040728s19uu xx 00 eng d
020 ## - INTERNATIONAL STANDARD BOOK NUMBER
International Standard Book Number 0-86611-584-6
050 ## - LIBRARY OF CONGRESS CALL NUMBER
Classification number M 220.9
Item number K28 2000
100 ## - MAIN ENTRY--PERSONAL NAME
Personal name Kelly, Jack
245 ## - TITLE STATEMENT
Title Young King David :
Remainder of title heroes of the Bible /
Statement of responsibility, etc by Jack Kelly.
260 ## - PUBLICATION, DISTRIBUTION, ETC. (IMPRINT)
Place of publication, distribution, etc New York :
Name of publisher, distributor, etc Playmore Publishers,
Date of publication, distribution, etc [n.d.]
300 ## - PHYSICAL DESCRIPTION
Extent 190 p. : ill. ; cm.
650 ## - SUBJECT ADDED ENTRY--TOPICAL TERM
Topical term or geographic name as entry element Bible character
General subdivision O.T.
650 ## - SUBJECT ADDED ENTRY--TOPICAL TERM
Topical term or geographic name as entry element Bible stories
General subdivision O.T.
Holdings
Withdrawn status Lost status Damaged status Use restrictions Home library Current library Shelving location Date acquired Source of acquisition Total Checkouts Full call number Barcode Date last seen Price effective from Koha item type
        Munich Library Munich Library Main Section 07/28/2004     M 220.9 K28 2000 M0101 04/14/2014 04/14/2014 Books

Young King David :

APA

Kelly J., .Young King David. New York: Playmore Publishers.

Chicago

Kelly Jack, .Young King David. New York: Playmore Publishers.

Harvard

Kelly J., .Young King David. New York: Playmore Publishers.

MLA

Kelly Jack, .New York: Playmore Publishers. .

  • Place hold
  • Print
  • Cite
  • Add to your cart (remove)
  • Save record
    BIBTEX Dublin Core MARCXML MARC (non-Unicode/MARC-8) MARC (Unicode/UTF-8) MARC (Unicode/UTF-8, Standard) MODS (XML) RIS
  • More searches
    Search for this title in:
    Other Libraries (WorldCat) Other Databases (Google Scholar) Online Stores (Bookfinder.com) Open Library (openlibrary.org)

Exporting to Dublin Core...

SOUTHVILLE LIBRARY

Southville International School and Colleges Library

1281 Tropical Ave. Cor. Luxembourg St., BF Homes International, Las Pinas City

Tel. No. 8256374 / 252358 Loc. 117/146

Powered by Koha